000
00351nam a2200145Ia 4500
008
221030s9999 xx 000 0 und d
041
_a
English
082
_a
105.23
100
_a
S.s. Sabharwal
245
0
_a
Applied Mathematics Vol. I
_c
by S.s. Sabharwal , P. K. Aggarwal
260
_c
0
650
_a
B
700
_a
P. K. Aggarwal
942
_c
BK
999
_c
11675
_d
11675